| 000 -ლიდერი |
| ფიქსირებული სიგრძის საკონტროლო ველი |
01209nam a22002417a 4500 |
| 003 - საკონტროლო ნომრის იდენტიფიკატორი |
| საკონტროლო ველი |
Ge_BSU |
| 005 - ბოლო ოპერაციის თარიღი და დრო |
| საკონტროლო ველი |
20210723140726.0 |
| 008 - ფიქსირებული სიგრძის მონაცემთა ელემენტები - ზოგადი ინფორმაცია |
| ფიქსირებული სიგრძის საკონტროლო ველი |
210723s2018 ge ||||| |||| 00| 0 geo d |
| 020 ## - წიგნის საერთაშორისო სტანდარტული ნომერი |
| International Standard Book Number |
9789941815652 |
| 041 ## - ენის კოდი |
| Language code of text/sound track or separate title |
geo |
| 080 ## - უნივერსალური ათობითი კლასიფიკაციის ინდექსი |
| Universal Decimal Classification number |
634.6(479.22)(075.8) ჯ-12 |
| 100 ## - მთავარი ჩანაწერი - პიროვნების სახელი |
| Personal name |
ჯაბნიძე, რეზო |
| 9 (RLIN) |
2484 |
| 245 ## - ცნობა სათაურის შესახებ |
| Title |
სუბტროპიკული კულტურები : |
| Remainder of title |
[სახელმძღვანელო] / |
| Statement of responsibility, etc |
რეზო ჯაბნიძე, შოთა ლამპარაძე, ნანა ჯაბნიძე; რედ. გურამ ალექსიძე. |
| 264 ## - წარმოების, გამოცემის, დისტრიბუციის და სხვა ცნობები |
| გამოცემის, წარმოების, დისტრიბუციის... ადგილი |
ბათუმი: |
| გამოცემის, წარმოების, დისტრიბუციის... სახელწოდება |
შპს "World Print", |
| გამოცემის, წარმოების, დისტრიბუციის... თარიღი |
2018. |
| 300 ## - ფიზიკური აღწერა |
| Extent |
649 გვ.; |
| Other physical details |
ილ. |
| Dimensions |
20 სმ. |
| 504 ## - BIBLIOGRAPHY, ETC. NOTE |
| Bibliography, etc |
ბიბლიოგრ. გვ. 633-640 |
| 653 ## - INDEX TERM--UNCONTROLLED |
| Uncontrolled term |
სუბტროპიკული კულტურები |
| 653 ## - INDEX TERM--UNCONTROLLED |
| Uncontrolled term |
სახელმძღვანელო |
| 700 ## - ADDED ENTRY--PERSONAL NAME |
| Personal name |
ლამპარაძე, შოთა |
| Relator term |
ავტორი |
| 9 (RLIN) |
1795 |
| 700 ## - ADDED ENTRY--PERSONAL NAME |
| Personal name |
ჯაბნიძე, ნანა |
| Relator term |
ავტორი |
| 9 (RLIN) |
2532 |
| 700 ## - ADDED ENTRY--PERSONAL NAME |
| Personal name |
ალექსიძე, გურამ |
| Relator term |
რედაქტორი |
| 9 (RLIN) |
7983 |
| 942 ## - ADDED ENTRY ELEMENTS (KOHA) |
| Source of classification or shelving scheme |
|
| Koha item type |
წიგნი |